00671nam a22001937a 4500008004100000040001800041041000800059100002000067245011400087260005600201300001800257490004000275600001900315600003300334650001700367650003400384650004500418651001400463130821s1909 fr gr dfre  aCo-BoUCMbspa00afre aGenier, Raymond00aVie de Saint Euthyme le Grand (377-473)bLes moines et l'église en Palestine au Ve sièclecRaymond Genier aParís (Francia)bLibrairie Victor Leccoffrec1909 a305 páginas aEtudes palestiniennes et orientales aEutimiocSanto aEutimiocSantovBiografías04aBiografías04aOrdenes religiosas de mujeres04aOrdenes religiosas de mujereszPalestina aPalestina